000 00327nam a2200109Ia 4500
008 171211s9999 xx 000 0 und d
245 _aLearning Responsive Web Design: A Beginner's Guide
245 _cClarissa Peterson
260 _c2014
650 _xWeb Development
856 _uhttp://down.ebook777.com/011/9780071701341.pdf
999 _c350092
_d350092